| 000 | 00905nas a2200313 4500 | ||
|---|---|---|---|
| 001 | BR2014004808 | ||
| 003 | BR-BrBNA | ||
| 005 | 20231205124332.0 | ||
| 007 | ta | ||
| 008 | 230509b bl.|||p| |||| 00| 00por d | ||
| 040 |
_aBR-BrBNA _bpor _cBiblioteca Nacional de Agricultura |
||
| 041 | _a(En) | ||
| 072 | _aH60 | ||
| 100 | 1 | _aSafdar, M.E. | |
| 100 | 1 | _aTanveer, A. | |
| 100 | 1 | _aKholiq, A. | |
| 100 | 1 | _aNaeem, M.S. | |
| 245 | 1 | _aAllelopathic action of Parthenium and its rhizospheric soil on maize as influenced by growing conditions | |
| 650 | _aMILHO | ||
| 650 | _aALELOPATIA | ||
| 650 | _aCOMPOSTO FENÓLICO | ||
| 650 | _aCRESCIMENTO | ||
| 650 | _aPLANTA | ||
| 650 | _aGERMINAÇÃO | ||
| 650 | _aERVA DANINHA | ||
| 773 | 0 |
_tPlanta Daninha (Brazil) _xISSN 0100-8358 _g(2014), v. 32(2) p. 243-253 _wBR2014004808 |
|
| 909 |
_a202311 _bLúcia _c55 _dLúcia Elande |
||
| 942 |
_2AGRIS _n0 _cANA |
||
| 999 |
_c238538 _d238538 |
||